000 01778nam a2200277Ia 4500
999 _c55997
_d55997
001 23096
003 GE_BSU
005 20230711171736.0
008 181216s1990||||ge |||||||||||||| ||geo||
040 _cGE_BSU
041 _ageo
080 _a821.111-32 + 821.111-94 ს-83
100 _aსტერნი, ლორენს
_919247
245 _aთხზულებანი : ჯენტლმენ ტრისტამ შენდის ცხოვრება და შეხედულებანი; სენტიმენტალური მოგზაურობა საფრანგეთსა და იტალიაში; მემუარები /
_cლორენს სტერნი ; ინგლ. თარგმნა და კომენტარები დაურთო გიორგი ჯაბაშვილმა ; წინასიტყვ. ავტ. ე. თოფურიძე.
264 _aთბილისი :
_bსაქართველო,
_c1990.
300 _a863 გვ. ;
_c22 სმ.
490 _aმსოფლიო ლიტერატურის ბიბლიოთეკა
541 _h6ლ. 40თ
653 _aთხზულებანი
653 _aჯენტლმენ ტრისტამ შენდის ცხოვრება და შეხედულებანი
653 _aმემუარები
653 _aსენტიმენტალური მოგზაურობა საფრანგეთსა და იტალიაში
700 _aჯაბაშვილი, გიორგი
_eმთარგმნელი
_912681
700 _aთოფურიძე, ე.
_919248
942 _cBK
_2udc